Catálogo de la Colección Cervantina (Record no. 7165)

MARC details
000 -CABECERA
campo de control de longitud fija 00988nam a2200253 a 4500
001 - NÚMERO DE CONTROL
campo de control BRCA_7490
005 - FECHA Y HORA DE LA ÚLTIMA TRANSACCIÓN
campo de control 20190320205846.0
008 - DATOS DE LONGITUD FIJA--INFORMACIÓN GENERAL
campo de control de longitud fija 260413m19411947sp-#######---#000-0#spa-#
041 ## - CÓDIGO DE LENGUA
Código de lengua del texto/banda sonora o título independiente spa
044 ## - CÓDIGO DEL PAÍS DE LA ENTIDAD EDITORA/PRODUCTORA
Código MARC del país sp
050 #4 - SIGNATURA TOPOGRÁFICA DE LA BIBLIOTECA DEL CONGRESO
Número de clasificación Z8158
Número de documento/Ítem .G58 1941
100 1# - ENTRADA PRINCIPAL--NOMBRE DE PERSONA
Nombre de persona Givanel Mas, Juan
9 (RLIN) 18443
245 10 - MENCIÓN DE TÍTULO
Título Catálogo de la Colección Cervantina
Mención de responsabilidad, etc. redactado por J. Givanel Mas.
260 ## - PUBLICACIÓN, DISTRIBUCIÓN, ETC.
Lugar de publicación, distribución, etc. Barcelona
Nombre del editor, distribuidor, etc. Biblioteca Central
Fecha de publicación, distribución, etc. 1941-1947
300 ## - DESCRIPCIÓN FÍSICA
Extensión 3 v.
Otras características físicas il.
Dimensiones 25 cm.
500 ## - NOTA GENERAL
Nota general Dedicado a la memoria del insigne bibliófilo y bibliógrafo Isidro Bonsoms y Sicart quien de desposeyó de su colección cervantina para donarla a Barcelona
500 ## - NOTA GENERAL
Nota general Ver también R15 (versión en catalán iniciada en 1916)
500 ## - NOTA GENERAL
Nota general R20
505 0# - NOTA DE CONTENIDO CON FORMATO
Nota de contenido con formato Contenido: v.1 Años 1590-1785. -- v.2 Años 1786-1854. -- v.3 Años 1855-1890
600 14 - PUNTO DE ACCESO ADICIONAL DE MATERIA--NOMBRE DE PERSONA
Nombre de persona Cervantes Saavedra, Miguel de
Fechas asociadas al nombre 1547-1616
Subdivisión de forma Bibliografía
9 (RLIN) 7606
700 1# - PUNTO DE ACCESO ADICIONAL--NOMBRE DE PERSONA
Nombre de persona Bonsoms y Sicart, Isidro
Fechas asociadas al nombre 1849-1922
9 (RLIN) 18444
902 ## - CATALOGADOR
Iniciales GFM
942 ## - ELEMENTOS DE PUNTO DE ACCESO ADICIONAL (KOHA)
Fuente del sistema de clasificación o colocación Library of Congress Classification
Tipo de ítem Koha Libros
Holdings
Estado de retiro Estado de pérdida Estado dañado No para préstamo Localización permanente Ubicación/localización actual Fecha de adquisición Número de inventario Total de préstamos Signatura topográfica completa Código de barras Fecha visto por última vez Precio válido a partir de Tipo de ítem Koha
El ejemplar forma parte de la colección y puede ser consultado según las políticas vigentes.       Biblioteca del Museo Franz Mayer (Rogerio Casas-Alatriste) Biblioteca del Museo Franz Mayer (Rogerio Casas-Alatriste) 26/04/2013 R20   Z8158 .G58 1941 (R20) 8094 22/03/2019 22/03/2019 Libros